Merton of the movies /

Bibliographic Details
Main Author: Wilson, Harry Leon, 1867-1939
Format: Book
Language:English
Published: Garden City, N.Y. : Doubleday, Page, 1923
Edition:Deluxe theatre ed.

MARC

Tag First Indicator Second Indicator Subfields
LEADER 00000cam a2200000I 4500
001 in00000036574
005 20151007060919.0
008 750508t19231922nyuf 000 1 eng d
035 |a (OCoLC)ocm09756380 
035 |9 AAD0565AM 
040 |a IAY  |c IAY  |d OCL  |d OCLCQ  |d TXA  |d UtOrBLW 
049 |a TXAM 
090 |a PZ3.W693  |b Me 
090 |a PS3545.I6275  |b M37 1923 
100 1 |a Wilson, Harry Leon,  |d 1867-1939. 
245 1 0 |a Merton of the movies /  |c by Harry Leon Wilson. 
250 |a Deluxe theatre ed. 
264 1 |a Garden City, N.Y. :  |b Doubleday, Page,  |c 1923 
264 4 |c [©1922] 
300 |a 335 pages :  |b plates. ;  |c 20 cm. 
336 |a text  |b txt  |2 rdacontent 
337 |a unmediated  |b n  |2 rdamedia 
338 |a volume  |b nc  |2 rdacarrier 
994 |a E0  |b TXA 
949 |a updated  |b h  |c 2003/7/9  |e lmiller  |f 2:23:53 pm (Replaced incorrect record with correct record) 
999 |a MARS 
999 f f |s e88fe830-d1cc-3eb3-8c74-7ee6609b1453  |i 8d3b68f0-4d4f-30d4-aabf-da3f8e3ba463  |t 0 
952 f f |p ric  |a Texas A&M University  |b Rellis Campus  |c Joint Library Facility  |d Remote Storage  |t 0  |e PS3545.I6275 M37 1923  |h Library of Congress classification  |i unmediated -- volume  |m A14801255388 
998 f f |a PS3545.I6275 M37 1923  |t 0  |l Remote Storage